00407nam a2200145Ia 4500008004100000020001500041041001200056082001600068100002000084245008000104260003700184300000800221650001600229700001600245221030s9999 xx 000 0 und d a8178087898 aEnglish a105.23bTan aA. S. Tanenbaum 0aDistributed Systems Principles & Paradigmscby A. S. Tanenbaum, M. V. Steen bPearson EducationaDelhic2002 a793 aBE Computer aM. V. Steen